00325 a2200121 4500001000700000020000600007040001100013100002300024240006200047245005700109362000900166440002800175171300 a  cMagnum aMachado, Ana Maria10aHistorias a la brasileña: la morena chueca y otraslESP10aHistorias a la brasileña: la morena chueca y otras0 a1899 1aCompanhia das Letrinhas